| 000 | 00533nam a2200229Ia 4500 | ||
|---|---|---|---|
| 008 | 160803s9999 xx 000 0 und d | ||
| 020 | _a043989056X | ||
| 100 | _aMcCoy, Mimi | ||
| 245 | 4 | _aThe accidental cheerleader / | |
| 245 | _cby Mimi McCoy. | ||
| 260 | _aNew York : | ||
| 260 | _bScholastic Inc. | ||
| 260 | _c2006 | ||
| 300 | _a160 pages ; | ||
| 300 | _c20 cm. | ||
| 650 | _aCheerleading -- | ||
| 650 | _aFriendship. | ||
| 650 | _aJealousy -- | ||
| 650 | _xFiction. | ||
| 650 | _xFiction. | ||
| 700 | _a670 | ||
| 999 |
_c298806 _d298806 |
||